Políticas económicas neoliberales en América Latina /
Se analiza el pensamiento económico neoliberal: en sus principios filosóficos e ideológicos, así como la implementación de éstos en las economías de Argentina, Chile y Uruguay en la década de los setenta durante los regímenes autoritarios. Se señala las contradicciones de la estrategia neoliberal y...
Gorde:
| Egile nagusia: | |
|---|---|
| Formatua: | Liburua |
| Hizkuntza: | Spanish |
| Gaiak: | |
| Etiketak: |
Etiketa erantsi
Etiketarik gabe, Izan zaitez lehena erregistro honi etiketa jartzen!
|
MARC
| LEADER | 00000nam a22000007a 4500 | ||
|---|---|---|---|
| 003 | cru CIDCACS/IIS | ||
| 005 | 20171011155446.0 | ||
| 007 | ta | ||
| 008 | 170214m19871988ho ||||| |||| 00| 0 spa d | ||
| 999 | |c 18887 |d 18887 | ||
| 040 | |c cru CIDCACS/IIS | ||
| 100 | 1 | |9 2647 |a Lichtensztejn, Samuel | |
| 245 | 1 | |a Políticas económicas neoliberales en América Latina / |c Samuel Lichtensztejn | |
| 300 | |a páginas 125-148 | ||
| 520 | |a Se analiza el pensamiento económico neoliberal: en sus principios filosóficos e ideológicos, así como la implementación de éstos en las economías de Argentina, Chile y Uruguay en la década de los setenta durante los regímenes autoritarios. Se señala las contradicciones de la estrategia neoliberal y las alternativas de desarrollo que enfrentan estos países latinoamericanos de autoritarismo político que tienden a engendrar voluntad más que viabilidad, teorías más que políticas, grandes propósitos y poca instrumentalización, ya que son estrategias de cambio desde el Estado -militarismo autoritario- de concertación del poder por una plutocracia por consiguiente antipopular. AR/JM | ||
| 650 | 4 | |9 2648 |a DOCTRINAS ECONOMICAS | |
| 650 | 4 | |9 1837 |a ECONOMIA DE MERCADO | |
| 650 | 4 | |9 2649 |a ESTRATEGIA DEL DESARROLLO | |
| 773 | 0 | |0 18884 |9 272 |a Universidad Nacional Autónoma de Honduras. |d Tegucigalpa: UNAH. Postgrado Centroamericano en Economía y Planificación del Desarrollo |o MFN0026 |t Revista Centroamericana de Economía / | |
| 942 | |2 ddc |c PP | ||
